Rājāji aruḷmalarkal̲. (Record no. 57576)

MARC details
000 -LEADER
fixed length control field 00552cam a22002171 4500
001 - CONTROL NUMBER
control field sa 64002889
003 - CONTROL NUMBER IDENTIFIER
control field DLC
005 - DATE AND TIME OF LATEST TRANSACTION
control field 20260227112013.0
008 - FIXED-LENGTH DATA ELEMENTS--GENERAL INFORMATION
fixed length control field 890921s1963 ii 000 0 tamo
010 ## - LIBRARY OF CONGRESS CONTROL NUMBER
LC control number sa 64002889
035 ## - SYSTEM CONTROL NUMBER
System control number (OCoLC)20379975
040 ## - CATALOGING SOURCE
Original cataloging agency DLC
Transcribing agency WaU
Modifying agency DLC
042 ## - AUTHENTICATION CODE
Authentication code premarc
050 00 - LIBRARY OF CONGRESS CALL NUMBER
Classification number DS481.R27
Item number A3
100 1# - MAIN ENTRY--PERSONAL NAME
Personal name Rajagopalachari, C.
Fuller form of name (Chakravarti),
Dates associated with a name 1878-1972.
245 10 - TITLE STATEMENT
Title Rājāji aruḷmalarkal̲.
260 ## - PUBLICATION, DISTRIBUTION, ETC.
Date of publication, distribution, etc. [1963]
300 ## - PHYSICAL DESCRIPTION
Extent 78 p.
Dimensions 19 cm.
500 ## - GENERAL NOTE
General note In Tamil.
700 1# - ADDED ENTRY--PERSONAL NAME
Personal name Aṇṇāmalai, Cin̲n̲a.

No items available.

Powered by Koha